000
00254nam a2200109Ia 4500
999
_c
9459
_d
9459
020
_a
9788174732613
100
_a
N.C.Jain Saakshi
245
0
_a
Textbook of Marketing Management
260
_a
New Jersey
_b
Thomson South
_c
1989
300
_a
231
942
_c
BK